| 000 | 00551nam a2200217Ia 4500 | ||
|---|---|---|---|
| 003 | OSt | ||
| 005 | 20220928141500.0 | ||
| 006 | a|||||r|||| 00| 0 | ||
| 007 | ta | ||
| 008 | 220927b |||||||| |||| 00| 0 eng d | ||
| 024 | _a15429 | ||
| 037 | _cTextual | ||
| 040 |
_aSDCL _cSDCL _beng |
||
| 041 |
_2eng _aeng |
||
| 082 | _aO121,3NL1x, M2 | ||
| 100 |
_aNIchols Roger _9500512 |
||
| 245 | 0 |
_aLivy _b Short stories of Rome . |
|
| 260 | _c1982 | ||
| 942 |
_hO121,3NL1x, M2 _cTEXL _2CC |
||
| 999 |
_c817836 _d817836 |
||